<?xml version="1.0" encoding="UTF-8"?>
<record
    xmlns:xsi="http://www.w3.org/2001/XMLSchema-instance"
    xsi:schemaLocation="http://www.loc.gov/MARC21/slim http://www.loc.gov/standards/marcxml/schema/MARC21slim.xsd"
    xmlns="http://www.loc.gov/MARC21/slim">

  <leader>00321nam a22001457a 4500</leader>
  <controlfield tag="003">OSt</controlfield>
  <controlfield tag="005">20220211110743.0</controlfield>
  <controlfield tag="008">220211b        |||||||| |||| 00| 0 eng d</controlfield>
  <datafield tag="020" ind1=" " ind2=" ">
    <subfield code="a">108172246633</subfield>
  </datafield>
  <datafield tag="040" ind1=" " ind2=" ">
    <subfield code="c">HU</subfield>
  </datafield>
  <datafield tag="082" ind1=" " ind2=" ">
    <subfield code="a">627</subfield>
  </datafield>
  <datafield tag="100" ind1=" " ind2=" ">
    <subfield code="a">Roberson</subfield>
    <subfield code="9">30268</subfield>
  </datafield>
  <datafield tag="245" ind1=" " ind2=" ">
    <subfield code="a">Hydraulic Engineering</subfield>
  </datafield>
  <datafield tag="942" ind1=" " ind2=" ">
    <subfield code="2">ddc</subfield>
    <subfield code="c">BOOKS</subfield>
    <subfield code="n">0</subfield>
  </datafield>
  <datafield tag="999" ind1=" " ind2=" ">
    <subfield code="c">30010</subfield>
    <subfield code="d">30010</subfield>
  </datafield>
  <datafield tag="952" ind1=" " ind2=" ">
    <subfield code="0">0</subfield>
    <subfield code="1">0</subfield>
    <subfield code="2">ddc</subfield>
    <subfield code="4">0</subfield>
    <subfield code="7">0</subfield>
    <subfield code="a">006</subfield>
    <subfield code="b">006</subfield>
    <subfield code="c">GEN</subfield>
    <subfield code="d">2022-02-11</subfield>
    <subfield code="l">0</subfield>
    <subfield code="o">627/ROB/1998</subfield>
    <subfield code="p">IOTL0012156</subfield>
    <subfield code="r">2022-02-11 00:00:00</subfield>
    <subfield code="t">1</subfield>
    <subfield code="w">2022-02-11</subfield>
    <subfield code="y">BOOKS</subfield>
  </datafield>
  <datafield tag="952" ind1=" " ind2=" ">
    <subfield code="0">0</subfield>
    <subfield code="1">0</subfield>
    <subfield code="2">ddc</subfield>
    <subfield code="4">0</subfield>
    <subfield code="7">0</subfield>
    <subfield code="a">006</subfield>
    <subfield code="b">006</subfield>
    <subfield code="c">GEN</subfield>
    <subfield code="d">2022-02-11</subfield>
    <subfield code="l">0</subfield>
    <subfield code="o">627/ROB/1998</subfield>
    <subfield code="p">IOTL0012157</subfield>
    <subfield code="r">2022-02-11 00:00:00</subfield>
    <subfield code="t">2</subfield>
    <subfield code="w">2022-02-11</subfield>
    <subfield code="y">BOOKS</subfield>
  </datafield>
  <datafield tag="952" ind1=" " ind2=" ">
    <subfield code="0">0</subfield>
    <subfield code="1">0</subfield>
    <subfield code="2">ddc</subfield>
    <subfield code="4">0</subfield>
    <subfield code="7">0</subfield>
    <subfield code="a">006</subfield>
    <subfield code="b">006</subfield>
    <subfield code="c">GEN</subfield>
    <subfield code="d">2022-02-11</subfield>
    <subfield code="l">0</subfield>
    <subfield code="o">627/ROB/1998</subfield>
    <subfield code="p">IOTL0012158</subfield>
    <subfield code="r">2022-02-11 00:00:00</subfield>
    <subfield code="t">3</subfield>
    <subfield code="w">2022-02-11</subfield>
    <subfield code="y">BOOKS</subfield>
  </datafield>
  <datafield tag="952" ind1=" " ind2=" ">
    <subfield code="0">0</subfield>
    <subfield code="1">0</subfield>
    <subfield code="2">ddc</subfield>
    <subfield code="4">0</subfield>
    <subfield code="7">0</subfield>
    <subfield code="a">006</subfield>
    <subfield code="b">006</subfield>
    <subfield code="c">GEN</subfield>
    <subfield code="d">2022-02-11</subfield>
    <subfield code="l">0</subfield>
    <subfield code="o">627/ROB/1998</subfield>
    <subfield code="p">IOTL0012159</subfield>
    <subfield code="r">2022-02-11 00:00:00</subfield>
    <subfield code="t">4</subfield>
    <subfield code="w">2022-02-11</subfield>
    <subfield code="y">BOOKS</subfield>
  </datafield>
  <datafield tag="952" ind1=" " ind2=" ">
    <subfield code="0">0</subfield>
    <subfield code="1">0</subfield>
    <subfield code="2">ddc</subfield>
    <subfield code="4">0</subfield>
    <subfield code="7">0</subfield>
    <subfield code="a">006</subfield>
    <subfield code="b">006</subfield>
    <subfield code="c">GEN</subfield>
    <subfield code="d">2022-02-11</subfield>
    <subfield code="l">0</subfield>
    <subfield code="o">627/ROB/1998</subfield>
    <subfield code="p">IOTL0012160</subfield>
    <subfield code="r">2022-02-11 00:00:00</subfield>
    <subfield code="t">5</subfield>
    <subfield code="w">2022-02-11</subfield>
    <subfield code="y">BOOKS</subfield>
  </datafield>
  <datafield tag="952" ind1=" " ind2=" ">
    <subfield code="0">0</subfield>
    <subfield code="1">0</subfield>
    <subfield code="2">ddc</subfield>
    <subfield code="4">0</subfield>
    <subfield code="7">0</subfield>
    <subfield code="a">006</subfield>
    <subfield code="b">006</subfield>
    <subfield code="c">GEN</subfield>
    <subfield code="d">2022-02-11</subfield>
    <subfield code="l">0</subfield>
    <subfield code="o">627/ROB/1998</subfield>
    <subfield code="p">IOTL0012161</subfield>
    <subfield code="r">2022-02-11 00:00:00</subfield>
    <subfield code="t">6</subfield>
    <subfield code="w">2022-02-11</subfield>
    <subfield code="y">BOOKS</subfield>
  </datafield>
  <datafield tag="952" ind1=" " ind2=" ">
    <subfield code="0">0</subfield>
    <subfield code="1">0</subfield>
    <subfield code="2">ddc</subfield>
    <subfield code="4">0</subfield>
    <subfield code="7">0</subfield>
    <subfield code="a">006</subfield>
    <subfield code="b">006</subfield>
    <subfield code="c">GEN</subfield>
    <subfield code="d">2022-02-11</subfield>
    <subfield code="l">0</subfield>
    <subfield code="o">627/ROB/1998</subfield>
    <subfield code="p">IOTL0012162</subfield>
    <subfield code="r">2022-02-11 00:00:00</subfield>
    <subfield code="t">7</subfield>
    <subfield code="w">2022-02-11</subfield>
    <subfield code="y">BOOKS</subfield>
  </datafield>
  <datafield tag="952" ind1=" " ind2=" ">
    <subfield code="0">0</subfield>
    <subfield code="1">0</subfield>
    <subfield code="2">ddc</subfield>
    <subfield code="4">0</subfield>
    <subfield code="7">0</subfield>
    <subfield code="a">006</subfield>
    <subfield code="b">006</subfield>
    <subfield code="c">GEN</subfield>
    <subfield code="d">2022-02-11</subfield>
    <subfield code="l">0</subfield>
    <subfield code="o">627/ROB/1998</subfield>
    <subfield code="p">IOTL0012163</subfield>
    <subfield code="r">2022-02-11 00:00:00</subfield>
    <subfield code="t">8</subfield>
    <subfield code="w">2022-02-11</subfield>
    <subfield code="y">BOOKS</subfield>
  </datafield>
  <datafield tag="952" ind1=" " ind2=" ">
    <subfield code="0">0</subfield>
    <subfield code="1">0</subfield>
    <subfield code="2">ddc</subfield>
    <subfield code="4">0</subfield>
    <subfield code="7">0</subfield>
    <subfield code="a">006</subfield>
    <subfield code="b">006</subfield>
    <subfield code="c">GEN</subfield>
    <subfield code="d">2022-02-11</subfield>
    <subfield code="l">0</subfield>
    <subfield code="o">627/ROB/1998</subfield>
    <subfield code="p">IOTL0012164</subfield>
    <subfield code="r">2022-02-11 00:00:00</subfield>
    <subfield code="t">9</subfield>
    <subfield code="w">2022-02-11</subfield>
    <subfield code="y">BOOKS</subfield>
  </datafield>
  <datafield tag="952" ind1=" " ind2=" ">
    <subfield code="0">0</subfield>
    <subfield code="1">0</subfield>
    <subfield code="2">ddc</subfield>
    <subfield code="4">0</subfield>
    <subfield code="7">0</subfield>
    <subfield code="a">006</subfield>
    <subfield code="b">006</subfield>
    <subfield code="c">GEN</subfield>
    <subfield code="d">2022-03-22</subfield>
    <subfield code="l">0</subfield>
    <subfield code="o">627/ROB/1998</subfield>
    <subfield code="p">IOTL0018529</subfield>
    <subfield code="r">2022-03-22 00:00:00</subfield>
    <subfield code="t">10</subfield>
    <subfield code="w">2022-03-22</subfield>
    <subfield code="y">BOOKS</subfield>
  </datafield>
  <datafield tag="952" ind1=" " ind2=" ">
    <subfield code="0">0</subfield>
    <subfield code="1">0</subfield>
    <subfield code="2">ddc</subfield>
    <subfield code="4">0</subfield>
    <subfield code="7">0</subfield>
    <subfield code="a">006</subfield>
    <subfield code="b">006</subfield>
    <subfield code="c">GEN</subfield>
    <subfield code="d">2022-03-22</subfield>
    <subfield code="l">0</subfield>
    <subfield code="o">627/ROB/1998</subfield>
    <subfield code="p">IOTL0018530</subfield>
    <subfield code="r">2022-03-22 00:00:00</subfield>
    <subfield code="t">11</subfield>
    <subfield code="w">2022-03-22</subfield>
    <subfield code="y">BOOKS</subfield>
  </datafield>
  <datafield tag="952" ind1=" " ind2=" ">
    <subfield code="0">0</subfield>
    <subfield code="1">0</subfield>
    <subfield code="2">ddc</subfield>
    <subfield code="4">0</subfield>
    <subfield code="7">0</subfield>
    <subfield code="a">006</subfield>
    <subfield code="b">006</subfield>
    <subfield code="c">GEN</subfield>
    <subfield code="d">2022-03-22</subfield>
    <subfield code="l">0</subfield>
    <subfield code="o">627/ROB/1998</subfield>
    <subfield code="p">IOTL0018531</subfield>
    <subfield code="r">2022-03-22 00:00:00</subfield>
    <subfield code="t">12</subfield>
    <subfield code="w">2022-03-22</subfield>
    <subfield code="y">BOOKS</subfield>
  </datafield>
  <datafield tag="952" ind1=" " ind2=" ">
    <subfield code="0">0</subfield>
    <subfield code="1">0</subfield>
    <subfield code="2">ddc</subfield>
    <subfield code="4">0</subfield>
    <subfield code="7">0</subfield>
    <subfield code="a">006</subfield>
    <subfield code="b">006</subfield>
    <subfield code="c">GEN</subfield>
    <subfield code="d">2022-05-30</subfield>
    <subfield code="l">0</subfield>
    <subfield code="o">627/ROB/1998</subfield>
    <subfield code="p">IOTL0021228</subfield>
    <subfield code="r">2022-05-30 00:00:00</subfield>
    <subfield code="t">13</subfield>
    <subfield code="w">2022-05-30</subfield>
    <subfield code="y">BOOKS</subfield>
  </datafield>
</record>
